Canciones de España por nombre sinónimo - Estadísticas

Estadísticas generales
  • Esta prueba ha sido intentada 102 veces
  • La puntuación promedio es 8 de 18
Estadísticas de respuestas
Sinónimo Canción % Correcto
Danzando «Bailando»
92%
Militarito marino «Soldadito marinero»
80%
Existir de este modo es perecer por amor «Vivir así es morir de amor»
80%
Veintena de días menos uno y la mitad de mil noches «19 días y 500 noches»
73%
Me infiltré en un festejo «Me colé en una fiesta»
69%
Amador delincuente «Amante bandido»
67%
Palmas quebradas «Manos rotas»
58%
Yo un bribón, yo un don «Soy un truhán, soy un señor»
57%
Numerando efélides «Contando lunares»
47%
Compañeros eternos «Amigos para siempre»
42%
Piba anterior «Chica de ayer»
37%
Malintencioná «Despechá»
29%
Soy ese «Yo soy aquel»
22%
Si te falto no existo «Sin ti no soy nada»
19%
Permanecerás aquí «Vas a quedarte»
16%
Pero, ¿si hubiera sido esa? «Y, ¿si fuera ella?
7%
Qué persona quería decirme «Quién me iba a decir»
4%
La lana morisca «El paño moruno»
1%
No se encontraron pruebas coincidentes
Distribución de puntuación
Porcentaje de gente con cada puntuación
Porcentaje por número respondido
Historial de tus puntuaciones
No has intentado esta prueba.